| 000 | 01515cam a2200397 a 4500 | ||
|---|---|---|---|
| 001 | 13882039 | ||
| 005 | 20160531115720.0 | ||
| 008 | 050224s2005 enkb f b 001 0 eng | ||
| 010 | _a 2005295935 | ||
| 015 |
_aGBA465528 _2bnb |
||
| 016 | 7 |
_a012986657 _2Uk |
|
| 020 | _a0761949860 (pbk.) | ||
| 020 | _a0761949852 (hbk.) | ||
| 035 | _a(OCoLC)ocm56654410 | ||
| 040 |
_aUKM _cUKM _dXLM _dC#P _dDLC |
||
| 042 | _alccopycat | ||
| 050 | 0 | 0 |
_aHM753 _b.S27 2005 |
| 082 | 0 | 0 |
_a307.76 _222 _bSAV |
| 100 | 1 |
_aSavage, Michael, _d1959- _913204 |
|
| 245 | 1 | 0 |
_aGlobalization and Belonging / _cMike Savage, Gaynor Bagnall, Brian Longhurst. |
| 246 | 3 | 3 | _aGlobalization & belonging |
| 260 |
_aLondon ; _aThousand Oaks, Calif. : _bSAGE, 2005 _c2005. |
||
| 300 |
_axii, 233 p. : _bmaps ; _c24 cm. |
||
| 490 | 1 | _aTheory, culture & society | |
| 504 | _aIncludes bibliographical references (p. [215]-225) and indexes. | ||
| 650 | 0 |
_aGroup identity. _913205 |
|
| 650 | 0 |
_aGlobalization. _913206 |
|
| 650 | 0 |
_913207 _aSociology, Urban |
|
| 700 | 1 |
_aBagnall, Gaynor. _913208 |
|
| 700 | 1 |
_aLonghurst, Brian, _d1956- _913209 |
|
| 830 | 0 |
_aTheory, culture & society (Unnumbered) _913210 |
|
| 856 | 4 | 2 |
_3Publisher description _uhttp://www.loc.gov/catdir/enhancements/fy0657/2005295935-d.html |
| 856 | 4 | 1 |
_3Table of contents only _uhttp://www.loc.gov/catdir/enhancements/fy0657/2005295935-t.html |
| 942 |
_2ddc _cBB |
||
| 999 |
_c13803 _d13803 |
||